Normal view
MARC view
- التعليم العالي-جامعة ال البيت-الاردن
Entry Topical Term
001 - CONTROL NUMBER
- control field: 57708
003 - CONTROL NUMBER IDENTIFIER
- control field: JO-AjAnu
005 - DATE AND TIME OF LATEST TRANSACTION
- control field: 20230606083440.0
008 - FIXED-LENGTH DATA ELEMENTS
- fixed length control field: 230606|| aca||aabn | a|a d
040 ## - CATALOGING SOURCE
- Original cataloging agency: JO-AjAnu
- Transcribing agency: JO-AjAnu
150 ## - HEADING--TOPICAL TERM
- Topical term or geographic name entry element: التعليم العالي-جامعة ال البيت-الاردن
670 ## - SOURCE DATA FOUND
- Source citation: Work cat.: (JO-AjAnu)29444: جامعة ال البيت, author 57707, القوانين والانظمة والتعليمات التي صدرت في جامعة ال البيت، القسم الاول